[Event "SLO-chT 24th"]
[Site "Slovenia"]
[Date "2014.11.15"]
[Round "2.3"]
[White "Gostisa, Leon F"]
[Black "Rogulj, Branko"]
[Result "0-1"]
[WhiteElo "2400"]
[BlackElo "2422"]
[PlyCount "103"]
[EventDate "2014.11.14"]
[EventType "team-tourn"]
[EventRounds "9"]
[EventCountry "SLO"]
[SourceTitle "EXT 2016"]
[Source "ChessBase"]
[SourceDate "2015.10.08"]
[SourceVersion "1"]
[SourceVersionDate "2015.10.08"]
[SourceQuality "1"]
[WhiteTeam "Vrhnika"]
[BlackTeam "Kovinar DEM"]
[WhiteTeamCountry "SLO"]
[BlackTeamCountry "SLO"]

1. d4 Nf6 2. Nf3 g6 3. Bg5 Bg7 4. Nbd2 0-0 5. e3 d6 6. Bc4 c5 7. 0-0 Nbd7 8. c3 d5 9. Bb3 b6 10. c4 dxc4 11. Nxc4 Bb7 12. Nce5 cxd4 13. exd4 Nd5 14. Rc1 N7f6 15. Qe2 Rc8 16. h3 Rxc1 17. Rxc1 Qa8 18. Re1 Qd8 19. Qd2 a5 20. Bh6 b5 21. a3 Qb6 22. Bxg7 Kxg7 23. Rc1 a4 24. Bxd5 Bxd5 25. Qb4 Qb7 26. Qc5 Rb8 27. Qb4 Bxf3 28. Nxf3 Nd5 29. Qc5 Qd7 30. Ne5 Qd6 31. Nd3 b4 32. Qxd6 exd6 33. Rc6 bxa3 34. bxa3 Rb6 35. Rxb6 Nxb6 36. Nb2 Kf6 37. Kf1 Kf5 38. f3 h5 39. h4 f6 40. Kf2 Ke6 41. Ke2 g5 42. hxg5 fxg5 43. Nd1 Nc4 44. Nc3 Nxa3 45. d5+ Ke5 46. Nxa4 Nb5 47. Nb6 Nc3+ 48. Kd3 Nxd5 49. Nc4+ Ke6 50. Kd4 h4 51. Ke4 Nf4 52. Ne3 0-1

[Event "SLO-chT"]
[Site "Slovenia"]
[Date "2013.11.30"]
[Round "5"]
[White "Gostisa, Leon F"]
[Black "Vidic, Branko"]
[Result "1-0"]
[WhiteElo "2402"]
[BlackElo "2027"]
[PlyCount "109"]
[EventDate "2013.11.22"]
[EventType "team-tourn"]
[EventRounds "9"]
[EventCountry "SLO"]
[SourceTitle "EXT 2015"]
[Source "ChessBase"]
[SourceDate "2014.11.20"]
[SourceVersion "1"]
[SourceVersionDate "2014.11.20"]
[SourceQuality "1"]
[WhiteTeam "Vrhnika"]
[BlackTeam "Rokada Lendava"]
[WhiteTeamCountry "SLO"]
[BlackTeamCountry "SLO"]

1. d4 Nf6 2. Nf3 g6 3. Bg5 Ne4 4. Bh4 Bg7 5. e3 d5 6. Nbd2 Nd6 7. c4 dxc4 8. Nxc4 0-0 9. Rc1 Nd7 10. h3 Nf6 11. Bd3 Be6 12. b3 c6 13. 0-0 Rc8 14. Nb2 Nde4 15. Na4 Bd5 16. Qe2 h6 17. Bxf6 exf6 18. Bxe4 Bxe4 19. Nc5 Bxf3 20. Qxf3 Qe7 21. g4 Rfd8 22. Nd3 Re8 23. Rc2 Rcd8 24. Nf4 Qe4 25. Qxe4 Rxe4 26. Kg2 f5 27. gxf5 gxf5 28. Kf3 Bf8 29. Nh5 Be7 30. Ng3 Re6 31. Nxf5 Rf6 32. Ke4 Bf8 33. Ng3 Rd5 34. Kd3 Rfd6 35. Rfc1 Rf6 36. Ke2 Rd7 37. f4 Rg6 38. Kf3 Be7 39. Rg2 Kh8 40. Nf5 Rxg2 41. Kxg2 Bf8 42. Kf3 Rd8 43. e4 Bg7 44. Rd1 Bf8 45. h4 Kh7 46. h5 Rd7 47. Rd3 Bb4 48. d5 cxd5 49. exd5 Ba3 50. d6 Rd8 51. d7 Bb2 52. Ke4 Ba1 53. Rd6 Bb2 54. Nxh6 Ba3 55. Nxf7 1-0

[Event "SLO-chT"]
[Site "Slovenia"]
[Date "2013.11.23"]
[Round "2"]
[White "Zorko, Jure"]
[Black "Gostisa, Leon F"]
[Result "1-0"]
[WhiteElo "2455"]
[BlackElo "2402"]
[PlyCount "73"]
[EventDate "2013.11.22"]
[EventType "team-tourn"]
[EventRounds "9"]
[EventCountry "SLO"]
[SourceTitle "EXT 2015"]
[Source "ChessBase"]
[SourceDate "2014.11.20"]
[SourceVersion "1"]
[SourceVersionDate "2014.11.20"]
[SourceQuality "1"]
[WhiteTeam "Novo Mesto Krka"]
[BlackTeam "Vrhnika"]
[WhiteTeamCountry "SLO"]
[BlackTeamCountry "SLO"]

1. e4 e5 2. Nf3 Nc6 3. Bb5 Nd4 4. Nxd4 exd4 5. 0-0 Bc5 6. c3 c6 7. Bc4 d6 8. d3 Qf6 9. Nd2 b5 10. Bb3 Qg6 11. Kh1 Nf6 12. cxd4 Bxd4 13. f4 Ng4 14. Nf3 Qh5 15. Qe1 0-0 16. Qg3 Bb6 17. f5 d5 18. Bf4 dxe4 19. dxe4 Ne3 20. Ng5 Qg4 21. Qxg4 Nxg4 22. Bd6 h6 23. Bxf8 hxg5 24. Be7 Nf2+ 25. Rxf2 Bxf2 26. Rd1 Bb6 27. Rd6 Ba6 28. Bxg5 Re8 29. Rd7 Rxe4 30. h4 b4 31. Bxf7+ Kf8 32. Be6 Bc8 33. Rf7+ Ke8 34. Re7+ Kf8 35. Rf7+ Ke8 36. Rxg7 Bxe6 37. Re7+ 1-0

[Event "SLO-chT"]
[Site "Slovenia"]
[Date "2013.11.22"]
[Round "1"]
[White "Gostisa, Leon F"]
[Black "Brumen, Dinko"]
[Result "1-0"]
[WhiteElo "2402"]
[BlackElo "2373"]
[PlyCount "125"]
[EventDate "2013.11.22"]
[EventType "team-tourn"]
[EventRounds "9"]
[EventCountry "SLO"]
[SourceTitle "EXT 2015"]
[Source "ChessBase"]
[SourceDate "2014.11.20"]
[SourceVersion "1"]
[SourceVersionDate "2014.11.20"]
[SourceQuality "1"]
[WhiteTeam "Vrhnika"]
[BlackTeam "Triglav Krsko"]
[WhiteTeamCountry "SLO"]
[BlackTeamCountry "SLO"]

1. d4 Nf6 2. Nf3 e6 3. g3 d5 4. c4 Be7 5. Bg2 0-0 6. 0-0 dxc4 7. Qc2 a6 8. a4 Bd7 9. Qxc4 Bc6 10. a5 Bd5 11. Qd3 Be4 12. Qe3 Nc6 13. Nc3 Bxf3 14. Qxf3 Qxd4 15. Ra4 Qc5 16. Be3 Qf5 17. Qxf5 exf5 18. Bf4 Bd6 19. Bg5 Nd7 20. Be3 Nc5 21. Bxc5 Bxc5 22. Nd5 Rac8 23. Rc1 Bd6 24. Ne3 g6 25. Bxc6 bxc6 26. Rxc6 Ra8 27. Nc4 Rfb8 28. Nxd6 cxd6 29. Rb6 d5 30. Rab4 Rc8 31. Rd4 Rd8 32. b4 Kf8 33. b5 axb5 34. Rxb5 Ke7 35. Rdxd5 Rxd5 36. Rxd5 Ke6 37. Rb5 Kd6 38. Rb6+ Kc5 39. Rf6 Rxa5 40. Rxf7 Ra2 41. e3 h5 42. Rf6 h4 43. gxh4 Kd5 44. h5 Ke5 45. Rxg6 f4 46. exf4+ Kf5 47. Kg2 Ra3 48. Rg7 Ra6 49. Kg3 Ra1 50. Rg5+ Kf6 51. h6 Ra7 52. Kg4 Rh7 53. Kh5 Rh8 54. Ra5 Rb8 55. Ra7 Rb5+ 56. Kg4 Kg6 57. h7 Rb8 58. f5+ Kh6 59. f6 Kg6 60. Rg7+ Kh6 61. Kg3 Ra8 62. Kg2 Rh8 63. h3 1-0

[Event "SLO-CupT"]
[Site "Ljubljana"]
[Date "2013.09.22"]
[Round "4.2"]
[White "Beletic, Daniel"]
[Black "Gostisa, Leon F"]
[Result "1-0"]
[WhiteElo "2249"]
[BlackElo "2413"]
[PlyCount "83"]
[EventDate "2013.09.20"]
[EventType "team-swiss"]
[EventRounds "5"]
[EventCountry "SLO"]
[SourceTitle "EXT 2019"]
[Source "ChessBase"]
[SourceDate "2018.10.10"]
[SourceVersion "1"]
[SourceVersionDate "2018.10.10"]
[SourceQuality "1"]
[WhiteTeam "Nova Gorica"]
[BlackTeam "Vrhnika"]
[WhiteTeamCountry "SLO"]
[BlackTeamCountry "SLO"]

1. Nf3 Nf6 2. c4 c5 3. g3 b6 4. Bg2 Bb7 5. 0-0 e6 6. b3 Be7 7. Bb2 0-0 8. Nc3 a6 9. e3 d5 10. Rc1 dxc4 11. bxc4 Qc7 12. Qe2 Nc6 13. Rfd1 Na5 14. Ba1 Rfd8 15. Rb1 Rab8 16. Na4 Bc6 17. Nc3 h6 18. h3 Nd7 19. Ne1 Bxg2 20. Nxg2 Qc6 21. f4 Bf6 22. g4 g5 23. Rf1 Bg7 24. d3 b5 25. cxb5 axb5 26. fxg5 hxg5 27. Ne4 Bxa1 28. Rxa1 Qd5 29. h4 gxh4 30. g5 Qe5 31. Qh5 Qg7 32. Rad1 Nc6 33. Qxh4 Nce5 34. d4 Ng6 35. Qg3 cxd4 36. Rxd4 Nde5 37. Nf6+ Kf8 38. Rfd1 Rdc8 39. Nf4 Ne7 40. N4h5 Nf5 41. Qxe5 Qxg5+ 42. Rg4 1-0

[Event "SLO-chT 22th"]
[Site "Ljubljana"]
[Date "2012.12.07"]
[Round "8"]
[White "Brumen, Dinko"]
[Black "Gostisa, Leon F"]
[Result "1/2-1/2"]
[WhiteElo "2347"]
[BlackElo "2419"]
[PlyCount "101"]
[EventDate "2012.11.23"]
[EventType "team-tourn"]
[EventRounds "9"]
[EventCountry "SLO"]
[SourceTitle "CBM 151 Extra"]
[Source "ChessBase"]
[SourceDate "2012.12.18"]
[SourceVersion "1"]
[SourceVersionDate "2012.12.18"]
[SourceQuality "1"]
[WhiteTeam "Krsko Triglav"]
[BlackTeam "Vrhnika"]
[WhiteTeamCountry "SLO"]
[BlackTeamCountry "SLO"]

1. d4 Nf6 2. Bg5 Ne4 3. Bf4 d5 4. e3 c6 5. f3 Nd6 6. Bd3 Na6 7. c3 Qb6 8. b3 c5 9. Ne2 Bf5 10. 0-0 e6 11. Kh1 Bxd3 12. Qxd3 Be7 13. Nd2 0-0 14. g4 Rac8 15. Rg1 Qb5 16. c4 Qc6 17. cxd5 exd5 18. Rac1 c4 19. Qb1 b5 20. a4 b4 21. Bxd6 Bxd6 22. bxc4 dxc4 23. Nxc4 Qxf3+ 24. Rg2 Be7 25. Qd3 Rfd8 26. Ne5 Qb7 27. Qb3 Bf6 28. Nd3 Bg5 29. Rf1 Re8 30. Ne5 Bf6 31. Nf3 Nc7 32. g5 Be7 33. Nf4 Bd6 34. g6 hxg6 35. Ng5 Rf8 36. e4 Be7 37. Nxf7 Rxf7 38. Nxg6 Nd5 39. Nxe7+ Qxe7 40. Qxd5 Qb7 41. Qe6 Qd7 42. Qxd7 Rxd7 43. d5 Re8 44. Rg4 Rde7 45. Rfg1 b3 46. e5 b2 47. e6 Rd8 48. Rb4 Rxd5 49. Rxb2 Re5 50. Rb8+ Kh7 51. Rb4 1/2-1/2

[Event "SLO-chT 22th"]
[Site "Ljubljana"]
[Date "2012.12.07"]
[Round "7"]
[White "Gostisa, Leon F"]
[Black "Kovacevic, Aleksandar"]
[Result "1/2-1/2"]
[WhiteElo "2419"]
[BlackElo "2557"]
[PlyCount "101"]
[EventDate "2012.11.23"]
[EventType "team-tourn"]
[EventRounds "9"]
[EventCountry "SLO"]
[SourceTitle "CBM 151 Extra"]
[Source "ChessBase"]
[SourceDate "2012.12.18"]
[SourceVersion "1"]
[SourceVersionDate "2012.12.18"]
[SourceQuality "1"]
[WhiteTeam "Vrhnika"]
[BlackTeam "Ljubljana Vidmar"]
[WhiteTeamCountry "SLO"]
[BlackTeamCountry "SVK"]

1. d4 Nf6 2. Nf3 e6 3. g3 b6 4. Bg2 Bb7 5. c4 Be7 6. Nc3 Ne4 7. Bd2 d5 8. cxd5 exd5 9. Qa4+ Qd7 10. Qxd7+ Nxd7 11. Bf4 Nxc3 12. bxc3 Ba3 13. 0-0 c6 14. Rab1 0-0 15. Rb3 Be7 16. Re1 Rfe8 17. Nd2 g5 18. Bh3 Nf8 19. Be3 Bc8 20. Bxc8 Raxc8 21. a4 Ne6 22. g4 Bd6 23. Ra1 h6 24. Ra2 f5 25. gxf5 Ng7 26. f6 Nh5 27. c4 Nxf6 28. Rc2 dxc4 29. Nxc4 Bb8 30. h3 Rcd8 31. a5 b5 32. Ne5 Bxe5 33. dxe5 Rxe5 34. Rxc6 Rd1+ 35. Kg2 Kf7 36. Ra6 Nd5 37. Rxa7+ Kg6 38. Rb7 b4 39. a6 Nxe3+ 40. fxe3 Ra1 41. a7 Rea5 42. R3xb4 Rxa7 43. R4b6+ Kh5 44. Rxa7 Rxa7 45. Re6 Ra4 46. Kf3 Rh4 47. Kg3 Ra4 48. Rd6 Rb4 49. Kf3 Rh4 50. Kg2 Re4 51. Kf3 1/2-1/2